| 000 -ლიდერი |
| ფიქსირებული სიგრძის საკონტროლო ველი |
01088nam a2200229Ia 4500 |
| 001 - საკონტროლო ნომერი |
| საკონტროლო ველი |
1736 |
| 003 - საკონტროლო ნომრის იდენტიფიკატორი |
| საკონტროლო ველი |
GE_BSU |
| 005 - ბოლო ოპერაციის თარიღი და დრო |
| საკონტროლო ველი |
20211228114537.0 |
| 008 - ფიქსირებული სიგრძის მონაცემთა ელემენტები - ზოგადი ინფორმაცია |
| ფიქსირებული სიგრძის საკონტროლო ველი |
181216s1959ge xx |||||||||||||| ||geo|| |
| 040 ## - კატალოგიზაციის წყარო |
| Transcribing agency |
GE_BSU |
| 080 ## - უნივერსალური ათობითი კლასიფიკაციის ინდექსი |
| Universal Decimal Classification number |
581 კ 43 |
| 100 ## - მთავარი ჩანაწერი - პიროვნების სახელი |
| Personal name |
კეცხოველი,ნ |
| 9 (RLIN) |
13363 |
| 245 ## - ცნობა სათაურის შესახებ |
| Title |
საქართველოს მცენარეული საფარი / |
| Statement of responsibility, etc |
ნ.კეცხოველი, რედ. კ.ნინუა |
| 264 ## - წარმოების, გამოცემის, დისტრიბუციის და სხვა ცნობები |
| გამოცემის, წარმოების, დისტრიბუციის... ადგილი |
თბილისი : |
| გამოცემის, წარმოების, დისტრიბუციის... სახელწოდება |
სწაქ. მეცნ. აკადემიის, |
| გამოცემის, წარმოების, დისტრიბუციის... თარიღი |
1959 |
| 300 ## - ფიზიკური აღწერა |
| Extent |
443 გვ .: |
| Other physical details |
103 ილ. და რუკ. ; |
| Dimensions |
25 სმ. |
| 504 ## - BIBLIOGRAPHY, ETC. NOTE |
| Bibliography, etc |
ბიბლიოგრ. ყოველი თვის შემდეგ. |
| 546 ## - LANGUAGE NOTE |
| Language note |
დამატ. თავფურც. რუს. ენ. |
| 653 ## - INDEX TERM--UNCONTROLLED |
| Uncontrolled term |
საქართველოს მცენარეული საფარი |
| 653 ## - INDEX TERM--UNCONTROLLED |
| Uncontrolled term |
საქართველოს მცენარეულობა. |
| 700 ## - ADDED ENTRY--PERSONAL NAME |
| Personal name |
ნინუა, კ |
| Relator term |
რედაქტორი |
| 9 (RLIN) |
13364 |
| 942 ## - ADDED ENTRY ELEMENTS (KOHA) |
| Koha item type |
წიგნი |
| Source of classification or shelving scheme |
|